[Event "IM Marmaris Karia III 2018"]
[Site "Mentese Mugla"]
[Date "2018.10.28"]
[Round "6.5"]
[White "Gevorgyan, Maria"]
[Black "Alaz, Ahmet Efekan"]
[Result "1-0"]
[WhiteElo "2207"]
[BlackElo "2121"]
[Annotator "TA"]
[PlyCount "86"]
[EventDate "2018.10.26"]
[EventType "tourn"]
[EventCountry "TUR"]
[SourceTitle "playchess.com"]
[Source "ChessBase"]
[SourceQuality "1"]

{[%evp 13,86,52,58,17,22,22,22,23,23,23,19,23,21,14,31,13,8,13,35,37,51,52,50,50,97,98,130,97,139,108,133,115,181,102,150,138,143,153,151,127,127,124,127,128,152,120,131,114,292,275,264,212,651,640,731,730,29986,29987,29987,29988,29988,29989,29989,29990,29991,29992,29993,29994,29994,29995,29995,29996,29998,29999,29999]} 1. e4 e6 2. d4 d5 3. Nc3 dxe4 4. Nxe4 Bd7 5. Nf3 Bc6 6. Bd3 Nd7 7. c3 Ngf6 {LiveBook: 53 Partien} 8. Qe2 {C10: Französische Verteidigung (Rubinstein-Variante)} (8. Nxf6+ Nxf6 9. Bf4 Nd7 10. O-O Bd6 11. Bg3 h5 12. Re1 h4 13. Bxd6 cxd6 14. c4 Bxf3 15. Qxf3 Qb6 16. c5 dxc5 17. d5 O-O-O 18. Qxf7 Rhf8 19. Qxe6 Qxb2 20. Bf5 Qf6 21. Qxf6 Rxf6 22. Bg4 {½-½ (22) Gharamian,T (2626)-Miton,K (2605) Germany 2018}) 8... Nxe4 9. Bxe4 Bxe4 10. Qxe4 {Die Stellung ist ausgeglichen.} c6 11. Bf4 Nf6 12. Qc2 Bd6 13. Bg5 O-O $146 ({Vorgänger:} 13... Be7 14. O-O O-O 15. Rad1 Qc7 {½-½ (49) Kansal,C (1820)-Kerem,H (1628) Kemer 2014}) 14. O-O-O Be7 15. h4 Qa5 16. Kb1 c5 17. Bxf6 Bxf6 18. Ng5 $36 {[%csl Gg5][%cal Rc2h7,Bf3g5,Bg5e4,Be4c5][%mdl 2080] [#] Weiss hat Initiative.} g6 19. Ne4 Bg7 {Droht ...cxd4.} 20. Nxc5 b6 21. Ne4 Rfd8 22. h5 e5 (22... Qd5 $16 {ist eine bessere Verteidigung.} 23. hxg6 hxg6) 23. dxe5 ({Günstiger ist} 23. h6 $18 Bh8 24. dxe5 Qxe5 25. g3) 23... Rxd1+ 24. Rxd1 {Und weiter mit hxg6 wäre nett.} Qxe5 25. hxg6 hxg6 26. f3 Qe7 27. Qd3 Kf8 28. g4 {[%cal Bg2g4,Bg4g5][%mdl 32]} Rc8 29. Kc2 Be5 30. Qb5 {Und Td7 würde nun gewinnen.} Rc7 $2 {[#]} (30... Qe8 $16 31. Qa6 Rc7) 31. Rd5 $1 $18 {[%cal Rd5e5]} Bf4 32. Qd3 Kg7 $2 (32... Qe6 33. Qd4 Rc8) 33. g5 Qb4 {Jetzt ...Dc4 und Schwarz darf weiter klammern.} 34. b3 Qa3 35. Qd4+ {Weiß setzt Matt.} f6 36. Qxf6+ Kh7 37. Qxf4 Qxa2+ 38. Kd3 Qb1+ 39. Ke2 Re7 40. Qh4+ Kg7 41. Qh6+ Kf7 42. Qh7+ Ke6 43. Qxg6+ Kxd5 {Precision: Weiß = 75%, Schwarz = 45%.} 1-0

[Event "IM Marmaris Karia III 2018"]
[Site "Mentese Mugla"]
[Date "2018.10.29"]
[Round "7.1"]
[White "Eminov, Orkhan"]
[Black "Simantsev, Mikhail"]
[Result "0-1"]
[WhiteElo "2343"]
[BlackElo "2424"]
[Annotator "TA"]
[PlyCount "142"]
[EventDate "2018.10.26"]
[EventType "tourn"]
[EventCountry "TUR"]
[SourceTitle "playchess.com"]
[Source "ChessBase"]
[SourceQuality "1"]

{[%evp 13,141,33,52,51,60,37,39,24,53,37,27,32,35,-14,58,24,52,39,64,39,73,78,116,128,112,0,160,167,173,163,283,278,410,179,377,137,579,576,968,147,175,162,149,154,168,170,154,162,212,214,215,213,177,202,241,129,133,138,121,126,144,145,135,79,99,97,81,0,0,0,0,-115,-108,-125,-127,-124,-123,-106,-93,-194,0,-140,-108,-133,-107,-68,-84,-170,-136,-143,-126,-122,0,0,0,0,0,-146,-144,-145,-143,-166,-186,-133,0,-186,-168,-204,-175,-181,-66,-111,0,0,0,-137,-134,-300,-285,-488,-460,-2772,-629,-29976,-29977,-5800,-6920,-29985,-29986,-29999]} 1. e4 e5 2. Nf3 Nc6 3. Bc4 Bc5 4. b4 Bxb4 5. c3 Bd6 6. d4 Qe7 {C51: Evans Gambit: Declined and Accepted without 5...Ba5} 7. O-O b6 {LiveBook: 4 Games} (7... f6 8. Re1 g6 9. Nbd2 Na5 10. Bd3 b6 11. Nc4 Nxc4 12. Bxc4 Bb7 13. a4 a5 14. Qd3 {0-1 (59) Nisipeanu,L (2665)-Bartel,M (2652) Germany 2014}) 8. Nbd2 {[%mdl 1024] White has compensation.} Bb7 {White is slightly better.} 9. Re1 f6 10. Nf1 $146 ({Predecessor:} 10. Bd3 Ba3 11. Bxa3 Qxa3 12. Nc4 Qe7 13. a4 Nh6 14. a5 {½-½ (67) Mieles Palau,D (2476)-Mazziotti Irigoyen,G (2293) Buenos Aires 2005}) 10... O-O-O 11. Ne3 g6 12. Qa4 Kb8 13. Rb1 exd4 ({Black should try} 13... f5 $1 $11) 14. Nd5 $14 ({Much worse is} 14. cxd4 Qxe4 15. Nc2 Qg4 $15) 14... Qg7 15. cxd4 Nge7 16. Nc3 Nc8 17. Ba6 Rhe8 18. Bxb7 Kxb7 19. Bd2 (19. Be3 $1 $16) 19... Bf8 $2 (19... g5 $1 $11) 20. Rec1 $1 $16 Nd6 21. d5 $36 {[%mdl 2048] Keeping Black busy.} Ne5 (21... Nb8 {is a better defense.} 22. Bf4 Na6) 22. Nd4 $1 $18 a6 (22... Ra8 $142 23. Ncb5 Nxb5 24. Nxb5 (24. Qxb5 Bd6 $16) (24. Rxb5 Nd3 $11) 24... Rec8) 23. Nb3 (23. Ncb5 $142 Nxb5 24. Nxb5 axb5 25. Qxb5) 23... Ndc4 $2 {[#]} (23... Nd3 {might work better.}) 24. Bf4 $2 (24. d6 $1 $18 {[%mdl 512] and the rest is easy. Threatening mate with Nc5+.} Bxd6 (24... Nxd6 25. Nc5+) 25. Nd5) 24... Bd6 $2 {[%mdl 8192]} (24... Rb8 $16 {is more resistant.}) 25. Bxe5 $1 Nxe5 {[#]} 26. Na5+ $2 (26. Nb5 $1 $18 {[%mdl 512] is the precise move to win.} axb5 27. Na5+ $1 {[%mdl 512]} Kb8 28. Qxb5) 26... Kb8 $16 {Strongly threatening ...Qh6.} 27. Nc4 Nxc4 28. Qxa6 {Nb5 would kill now.} Qh6 29. g3 $1 {White wants to mate with Nb5.} Qd2 30. Qxc4 Bc5 31. Ne2 d6 32. Rc2 Qa5 33. Nf4 Re5 34. Ne6 (34. Nd3 $1 $18) 34... Rd7 35. Kg2 f5 36. exf5 Rxf5 37. Re2 Ka7 38. a4 (38. Qb3 $142) 38... Qa6 39. Rb5 $1 Qb7 40. Rd2 ({White should play} 40. a5 $1 $16 {[%cal Ra5b6]} Qxd5+ 41. Qxd5 Rxd5 42. Nxc7 $1 {[%mdl 512]}) 40... c6 $11 41. Rb1 cxd5 42. Qb5 {[#]} (42. Qf1 $11) 42... Be3 $1 $17 {[%mdl 512]} 43. Qd3 (43. fxe3 d4+) 43... d4+ 44. Kg1 Bxd2 45. Qxd2 Ra5 46. Qxd4 (46. Nxd4 $17 {was necessary.} Rxa4 47. Qc3) 46... d5 $2 (46... Re7 $19 47. Nf4 Qc6) 47. Qb4 (47. Rc1 $11 {remains equal.}) 47... Qc6 48. Nd4 Qc5 {Threatens to win with ...Qxb4.} 49. Nb5+ Kb7 50. Qf4 (50. Qg4 $17 {is the only way for White.} Rf7 51. Qe6 Qxf2+ 52. Kh1 Qf3+ 53. Kg1 Rxb5 54. axb5) 50... Qe7 51. Rc1 Ra8 $1 52. Qd4 Ra5 (52... Qf8 $17 {aiming for ...Rc8.} 53. Qe5 Re8 54. Rc7+ Kb8) 53. Qc3 $11 {[%csl Gc1][%cal Rc3c8]} Qd8 54. Qc6+ Ka6 55. Nd4 (55. Qc2 $11) 55... Rd6 $1 $17 {[%cal Rd6c6]} 56. Qc2 Rc5 57. Qe2+ Kb7 58. Rb1 (58. Rd1 $19 Rc4 59. Qe3) 58... Qd7 (58... Rc4 $17 59. Qd1 Ka8) 59. Nb5 $2 (59. a5 $1 $11) 59... Rdc6 $19 60. Qe3 Qe6 {...Qxe3 is the strong threat.} 61. Qh6 Qf7 ({Better is} 61... Qe7 $1 $19 {And now ...g5 would win.} 62. Nd4 Rf6) 62. Qe3 {Black must now prevent Qxc5!} Rc4 {[#]} (62... Qf6 $17 63. a5 Rc2) 63. a5 $1 $11 {[%mdl 512]} Re4 (63... bxa5 64. Qa7+) 64. Qd3 (64. Qd2 $1 $11 {was the only way to keep the balance.}) 64... Qf5 $1 $17 65. Kg2 $2 (65. Qa3 $17 Re2 66. Rf1) 65... Ra4 $19 66. Qb3 $2 {[#]} (66. a6+ {was called for.} Rxa6 67. Qxf5 gxf5 68. Nd4) 66... Qe4+ $1 67. f3 {[#]} (67. Kg1 $142 Rac4 68. a6+ Kb8 69. a7+ Ka8 70. Qd1) 67... Qc4 (67... Ra2+ $142 $1 {[%mdl 512]} 68. Kh3 (68. Qxa2 Rc2+) 68... Qe6+ 69. g4 Qe2 70. a6+ Kxa6 71. Qxa2+ Qxa2) 68. Qe3 {Hoping for Qe7+.} Qc2+ 69. Kh3 Qxb1 {[%cal Rb1f1]} 70. Qe7+ Ka6 {[%cal Rb1f1]} 71. axb6 Qf1# {Precision: White = 44%, Black = 45%.} 0-1

[Event "IM Marmaris Karia III 2018"]
[Site "Mentese Mugla"]
[Date "2018.10.29"]
[Round "7.2"]
[White "Dedebas, Emre Emin"]
[Black "Bagaturov, Giorgi"]
[Result "1/2-1/2"]
[WhiteElo "2302"]
[BlackElo "2417"]
[Annotator "TA"]
[PlyCount "38"]
[EventDate "2018.10.26"]
[EventType "tourn"]
[EventCountry "TUR"]
[SourceTitle "playchess.com"]
[Source "ChessBase"]
[SourceQuality "1"]

{[%evp 20,38,35,19,42,37,47,45,76,73,89,51,62,25,25,-32,62,0,23,-34,59]} 1. d4 Nf6 2. Nf3 g6 3. Nc3 Bg7 4. e4 d6 5. h3 O-O 6. Be3 a6 7. a4 b6 8. Bc4 e6 9. O-O Bb7 10. d5 e5 {B08: Pirc-Ufimzew-Verteidigung} 11. Ne1 {LiveBook: 3 Partien} Nbd7 12. Nd3 Ne8 $146 {Weiß steht etwas besser.} ({Vorgänger:} 12... Kh8 13. Qd2 Nh5 14. Bh6 Bxh6 15. Qxh6 Qf6 16. g3 Rae8 17. Kg2 Bc8 18. Rae1 {0-1 (50) Kreindl,H (2208)-Stanec,N (2560) Vienna 2004}) 13. Nb4 Nb8 14. a5 b5 15. Bb3 Qh4 16. Nd3 Nd7 17. Nb4 (17. Qe1 $11) 17... Nb8 ({Lieber} 17... f5 $15) 18. Nd3 Nd7 19. Nb4 (19. Qg4 $11 Qd8 20. Qg3) 19... Nb8 {Precision: Weiß = 22%, Schwarz = 42%.} (19... f5 $15) 1/2-1/2

[Event "IM Marmaris Karia III 2018"]
[Site "Mentese Mugla"]
[Date "2018.10.29"]
[Round "7.4"]
[White "Gasanov, Zaur"]
[Black "Gevorgyan, Maria"]
[Result "1-0"]
[WhiteElo "2195"]
[BlackElo "2207"]
[Annotator "TA"]
[PlyCount "83"]
[EventDate "2018.10.26"]
[EventType "tourn"]
[EventCountry "TUR"]
[SourceTitle "playchess.com"]
[Source "ChessBase"]
[SourceQuality "1"]

{[%evp 11,83,34,41,17,21,7,21,13,16,11,27,23,22,27,80,43,74,76,95,58,50,64,58,61,72,61,192,102,91,103,98,100,100,95,84,78,108,109,117,113,124,82,94,121,129,140,110,128,756,741,875,562,1303,701,967,929,907,904,854,846,1098,1081,1066,974,1514,1392,29991,29992,29994,29995,29995,29996,29996,29997]} 1. e4 c5 2. Nf3 e6 3. d4 cxd4 4. Nxd4 a6 5. Bd3 Nf6 6. Qe2 e5 {LiveBook: 7 Games. B42: Sicilian: Kan Variation: 5 Bd3} 7. Nf3 (7. Nf5 Nc6 8. O-O g6 9. Ne3 Bg7 10. Nc3 O-O 11. Ned5 Nxd5 12. Nxd5 d6 13. Be3 Be6 14. Bc4 {1-0 (30) Carlsen,M (2881)-Agdestein,S (2628) Flor & Fjaere 2014}) 7... Nc6 8. c4 $146 ({Predecessor:} 8. O-O Bc5 9. a3 h6 10. b4 Ba7 11. c4 d6 12. Be3 Bg4 13. Bxa7 Rxa7 14. Nbd2 {0-1 (41) Ginsburg,M (2367)-Kekelidze,M (2443) Los Angeles 2011}) 8... Bc5 {The position is equal.} 9. O-O d6 10. h3 Ne7 11. Nc3 h6 12. Be3 Ba7 (12... Bxe3 $11 13. Qxe3 O-O) 13. Rfd1 Qc7 14. Bxa7 Rxa7 15. Qd2 O-O 16. Bf1 Ne8 $1 17. Rac1 Be6 18. b4 $36 {[%mdl 2048] Black is under pressure.} f5 {[#]} (18... Qb8 $14) 19. Nd5 (19. c5 $1 $18 {[%cal Rc5d6][%mdl 512]} dxc5 20. Nd5 Bxd5 21. exd5) 19... Bxd5 $16 20. exd5 ({Don't play} 20. cxd5 Qd7 $11) 20... Ra8 21. c5 Ng6 22. Qe3 Qe7 23. Nd2 Rf6 24. Nc4 Rd8 25. a4 f4 26. Qb3 e4 27. c6 Nh4 28. cxb7 {[#] Strongly threatening Na5.} Rg6 {aiming for ...Nxg2.} 29. Kh1 {Na5 is the strong threat.} Qg5 $2 {[%mdl 8192]} (29... Qxb7 $16 30. Na5 Qf7) 30. Nd2 $18 Qf5 31. Nxe4 Qxe4 32. Qd3 Qe7 33. Rc8 Qxb7 34. Rxd8 Qe7 35. Rb8 Kh7 36. Qe2 Qxe2 37. Bxe2 Rxg2 38. Rxe8 {Hoping for Bd3+.} Rxf2 39. Bd3+ {White mates.} g6 40. Re7+ Kg8 41. Rc1 {[%cal Rc1c8]} Kf8 42. Ra7 {Precision: White = 65%, Black = 40%.} 1-0

[Event "IM Marmaris Karia III 2018"]
[Site "Mentese Mugla"]
[Date "2018.10.29"]
[Round "7.5"]
[White "Alaz, Ahmet Efekan"]
[Black "Mammadov, Zaur"]
[Result "1/2-1/2"]
[WhiteElo "2121"]
[BlackElo "2465"]
[Annotator "TA"]
[PlyCount "62"]
[EventDate "2018.10.26"]
[EventType "tourn"]
[EventCountry "TUR"]
[SourceTitle "playchess.com"]
[Source "ChessBase"]
[SourceQuality "1"]

{[%evp 18,62,-14,-14,16,10,9,8,8,-6,4,-10,-19,-14,33,12,8,0,0,-18,-26,-19,0,0,0,0,0,0,0,0,3,2,2,3,18,10,8,6,10,10,10,0,7,4,4,0,8]} 1. e4 e6 2. d4 d5 3. exd5 exd5 4. Nf3 Bd6 5. Bd3 Bg4 6. O-O Nc6 7. c3 Nge7 8. Bg5 f6 9. Bh4 Qd7 10. Nbd2 {LiveBook: 11 Games. C01: French: Exchange Variation} O-O (10... Bf5 11. Qc2 Bxd3 12. Qxd3 Nf5 13. Bg3 Nce7 14. Bxd6 Nxd6 15. Rfe1 O-O 16. Re2 Ng6 17. g3 Qf5 18. Qxf5 Nxf5 {½-½ (48) Martinez Reyes,P (2414)-Moreno Trujillo,A (2488) Madrid 2018}) 11. Bg3 Bxg3 12. hxg3 Rae8 13. Qc2 Bf5 14. Rae1 $146 ({Predecessor:} 14. Nh4 Bxd3 15. Qxd3 Nd8 16. Rae1 Nf7 17. Re2 Nd6 {½-½ (30) Ferhi,D-Mostaine,M Tiaret 2000}) 14... Bxd3 15. Qxd3 Qf5 (15... Nd8 {is interesting.} 16. c4 dxc4 17. Qxc4+ Nd5 18. Ne4 c6) 16. Qxf5 Nxf5 17. Rxe8 Rxe8 18. Re1 Rxe1+ 19. Nxe1 $11 {[%mdl 4096] Endgame KNN-KNN} Kf7 {The position is equal.} 20. Nd3 b6 21. g4 Nd6 22. f3 a5 23. a4 Ne7 24. Kf2 g5 25. Nf1 f5 26. Ne5+ Ke6 27. gxf5+ Nexf5 28. g4 Ne7 29. Nd3 Ng6 30. Ne3 Nc4 31. Ke2 Nxe3 {Precision: White = 64%, Black = 64%.} 1/2-1/2

[Event "IM Marmaris Karia III 2018"]
[Site "Mentese Mugla"]
[Date "2018.10.29"]
[Round "8.1"]
[White "Bagaturov, Giorgi"]
[Black "Eminov, Orkhan"]
[Result "0-1"]
[WhiteElo "2417"]
[BlackElo "2343"]
[Annotator "NA RC"]
[PlyCount "142"]
[EventDate "2018.10.26"]
[EventType "tourn"]
[EventCountry "TUR"]
[SourceTitle "playchess.com"]
[Source "ChessBase"]
[SourceQuality "1"]
[TimeControl "5400+30"]

1. d4 {[%emt 0:00:30]} Nf6 {[%emt 0:00:30]} 2. Nf3 {[%emt 0:00:00]} g6 {[%emt 0:00:30]} 3. c4 {[%emt 0:00:00]} d6 {[%emt 0:00:00]} 4. g3 {[%emt 0:01:30]} Bg7 {[%emt 0:00:00]} 5. Bg2 {[%emt 0:00:30]} O-O {[%emt 0:00:30]} 6. Nc3 {[%emt 0:00:30]} Nc6 {[%emt 0:00:30]} 7. O-O {[%emt 0:00:30]} a6 {[%emt 0:00:00]} 8. b3 {[%emt 0:05:30]} Rb8 {[%emt 0:01:00]} 9. Nd5 {[%emt 0:00:30]} Bg4 {[%emt 0:19:30]} 10. Bb2 {[%emt 0:05:30] E63: King's Indian: Fianchetto: Panno Variation with 7...a6} (10. Nxf6+ Bxf6 11. Bb2 Qc8 12. Qd2 Qf5 13. Rac1 Bxf3 14. exf3 e6 15. h4 Bg7 16. d5 Bxb2 17. Qxb2 exd5 18. cxd5 Qxd5 {½-½ (62) Swiercz,D (2669)-Neef,M (2463) Barcelona 2018}) 10... b5 {[%emt 0:23:30] LiveBook: 4 Games} 11. Ne3 {[%emt 0:09:30]} bxc4 {[%emt 0:04:30]} 12. Nxc4 {[%emt 0:01:30]} Nb4 $146 {[%emt 0:04:30]} ({Predecessor:} 12... Qd7 13. Re1 Bh3 14. Bh1 Be6 15. Rc1 Bh6 16. e3 Nb4 17. a3 Nc6 {1-0 (26) Harika,D (2524)-Sigfusson,S (2336) Reykjavik 2011}) 13. Ne1 {[%emt 0:11:30]} Qd7 {[%emt 0:02:30]} 14. Nd3 {[%emt 0:08:30]} Nxd3 {[%emt 0:02:30]} 15. Qxd3 {[%emt 0:00:30]} Bh3 {[%emt 0:01:30]} 16. Rfe1 {[%emt 0:06:30]} Bxg2 {[%emt 0:01:30]} 17. Kxg2 {[%emt 0:00:00]} Rb5 {[%emt 0:01:30]} 18. h3 {[%emt 0:02:00]} c5 {[%emt 0:02:30]} (18... Rfb8 $11) 19. d5 {[%emt 0:02:30]} Ra8 {[%emt 0:06:30]} 20. e4 {[%emt 0:07:30]} h5 {[%emt 0:03:30]} 21. Rad1 {[%emt 0:01:30]} Qb7 {[%emt 0:07:57]} 22. Qf3 {[%emt 0:07:30]} Ne8 {[%emt 0:07:59]} 23. e5 {[%emt 0:09:07]} dxe5 {[%emt 0:01:40]} 24. Bxe5 {[%emt 0:01:07]} a5 {[%emt 0:01:25]} 25. Re3 $16 {[%emt 0:09:10]} (25. g4 $18 {is more deadly.}) 25... a4 {[%emt 0:01:04]} 26. Rde1 {[%emt 0:02:29]} Bf8 {[%emt 0:00:24]} 27. g4 {[%emt 0:00:48]} h4 {[%emt 0:01:16]} 28. g5 {[%emt 0:00:39]} axb3 {[%emt 0:00:09]} 29. axb3 {[%emt 0:00:06]} Rd8 {[%emt 0:00:54]} 30. Rd3 {[%emt 0:01:14]} Bg7 {[%emt 0:02:28]} 31. Kg1 {[%emt 0:02:00]} Bf8 {[%emt 0:01:41]} 32. Re4 {[%emt 0:01:03]} Bg7 {[%emt 0:01:29]} 33. Rxh4 {[%emt 0:01:29]} Rb4 {[%emt 0:00:25]} 34. Rf4 {[%emt 0:01:08]} Rxc4 {[%emt 0:00:25]} 35. bxc4 {[%emt 0:02:02]} Bxe5 {[%emt 0:00:03]} 36. Re4 {[%emt 0:00:21]} Bd6 {[%emt 0:00:52]} 37. Rb3 {[%emt 0:00:05]} Qd7 {[%emt 0:00:24]} 38. Qg4 {[%emt 0:00:29]} Qa4 {[%emt 0:00:35]} 39. Rf3 {[%emt 0:01:00]} Ng7 {[%emt 0:00:12]} 40. h4 {[%emt 0:00:06]} Qd1+ {[%emt 0:00:49]} 41. Kg2 {[%emt 0:00:05]} Rb8 {[%emt 0:00:12]} 42. Rfe3 {[%emt 0:00:17]} Qa1 {[%emt 0:00:41]} 43. Re1 {[%emt 0:00:15]} Qa2 {[%emt 0:00:00]} 44. R1e2 {[%emt 0:00:20]} Qa5 {[%emt 0:00:18]} 45. Qd7 {[%emt 0:00:42]} Rd8 {[%emt 0:00:32]} 46. Qg4 {[%emt 0:00:57]} Nh5 {[%emt 0:00:18]} 47. f4 {[%emt 0:01:11]} Rb8 {[%emt 0:00:36]} 48. f5 {[%emt 0:01:06]} Rb3 {[%emt 0:00:27]} 49. f6 {[%emt 0:00:03]} Rg3+ {[%emt 0:00:29]} 50. Qxg3 {[%emt 0:00:05]} Nxg3 {[%emt 0:00:03]} 51. fxe7 {[%emt 0:00:07]} Bxe7 {[%emt 0:00:07]} 52. Kxg3 {[%emt 0:00:10]} Bd6+ {[%emt 0:00:09]} 53. Kg2 {[%emt 0:00:15]} Kg7 {[%emt 0:00:06]} 54. R2e3 {[%emt 0:01:03]} Qd2+ {[%emt 0:00:48]} 55. Re2 {[%emt 0:00:06]} Qc3 {[%emt 0:00:14]} 56. R2e3 {[%emt 0:00:06]} Qa5 {[%emt 0:00:31]} 57. Re2 {[%emt 0:00:16]} Qc7 {[%emt 0:01:32]} 58. R2e3 {[%emt 0:00:41]} Qd7 {[%emt 0:00:08]} 59. Rf3 {[%emt 0:00:30]} Qa4 {[%emt 0:01:40]} 60. Rfe3 {[%emt 0:00:22]} Qa5 {[%emt 0:00:06]} 61. Re2 {[%emt 0:00:21]} Bb8 {[%emt 0:00:28]} 62. R2e3 {[%emt 0:01:56]} Qc7 {[%emt 0:00:36]} 63. Rh3 {[%emt 0:00:42]} Qd6 {[%emt 0:00:13]} 64. Kg1 {[%emt 0:00:45]} Qb6 {[%emt 0:01:00]} 65. Rhe3 {[%emt 0:00:10]} Qa5 {[%emt 0:00:33]} 66. Kg2 {[%emt 0:00:44]} Qa4 {[%emt 0:00:43]} 67. Re2 {[%emt 0:00:16]} Qd7 {[%emt 0:00:17]} 68. Rf2 {[%emt 0:01:12]} Qd6 {[%emt 0:00:07]} 69. Rf3 {[%emt 0:00:34]} Qh2+ {[%emt 0:00:22]} 70. Kf1 {[%emt 0:00:03]} Bg3 {[%emt 0:00:58]} 71. Ree3 {[%emt 0:01:11]} Bxh4 {[%emt 0:01:08]} 0-1

[Event "IM Marmaris Karia III 2018"]
[Site "Mentese Mugla"]
[Date "2018.10.29"]
[Round "8.2"]
[White "Rzayev, Bahruz"]
[Black "Dedebas, Emre Emin"]
[Result "1/2-1/2"]
[WhiteElo "2381"]
[BlackElo "2302"]
[Annotator "TA"]
[PlyCount "52"]
[EventDate "2018.10.26"]
[EventType "tourn"]
[EventCountry "TUR"]
[SourceTitle "playchess.com"]
[Source "ChessBase"]
[SourceQuality "1"]

{[%evp 12,52,13,-8,12,1,17,7,11,-44,2,2,5,-16,0,-2,-3,-16,-14,-42,-49,-44,-33,-43,-31,-30,-28,-28,-28,-31,-17,-49,-52,-49,-52,-71,-71,-68,-53,-67,-50,-53,-9]} 1. c4 Nf6 2. Nc3 c5 3. e4 Nc6 4. d3 g6 5. g3 Bg7 6. Bg2 {A34: Symmetrical English: 2 Nc3, lines with ...d5} d6 7. f4 {LiveBook: 3 Games} (7. Nge2 O-O 8. O-O Ne8 9. Be3 Nc7 10. d4 cxd4 11. Nxd4 Ne6 12. Nde2 Nc5 13. Qd2 Rb8 14. Rfd1 Bg4 15. Rab1 Bxc3 16. Nxc3 Bxd1 17. Rxd1 Re8 18. Nd5 Qc8 19. Qc3 Ne5 {0-1 (36) Zhou,J (2615)-Bai,J (2594) Tianjin 2018}) 7... Bg4 8. Nge2 {The position is equal.} O-O (8... Nh5 {with more complications.} 9. Be3 Nd4 10. Qd2 Qd7 11. O-O O-O) 9. h3 $146 ({Predecessor:} 9. O-O Qd7 10. Rb1 Nd4 {0-1 (36) Botta,T (1690)-Toth,T (1644) Hungary 2010}) 9... Bxe2 10. Qxe2 (10. Nxe2 $11 Nd7 11. O-O) 10... Nd7 11. O-O a6 12. Kh1 Nd4 13. Qf2 b5 14. Be3 Rb8 15. cxb5 axb5 16. Rfc1 e6 17. Ne2 {[%cal Re2d4]} Nxe2 18. Qxe2 Qa5 19. Qf2 Rfc8 20. d4 {[%cal Rd4c5]} cxd4 21. Rxc8+ Rxc8 22. Bxd4 e5 23. fxe5 Nxe5 24. Qe2 h5 {Black is slightly better.} 25. Rd1 Qxa2 {aiming for ...b4.} 26. Qxb5 Qc4 {Precision: White = 45%, Black = 65%.} 1/2-1/2

[Event "IM Marmaris Karia III 2018"]
[Site "Mentese Mugla"]
[Date "2018.10.29"]
[Round "8.3"]
[White "Gevorgyan, Maria"]
[Black "Guseynov, Alihan"]
[Result "1/2-1/2"]
[WhiteElo "2207"]
[BlackElo "2284"]
[Annotator "NA"]
[PlyCount "60"]
[EventDate "2018.10.26"]
[EventType "tourn"]
[EventCountry "TUR"]
[SourceTitle "playchess.com"]
[Source "ChessBase"]
[SourceQuality "1"]
[TimeControl "5400+30"]

1. e4 {[%emt 0:00:30]} c5 {[%emt 0:00:30]} 2. Nc3 {[%emt 0:00:00]} Nc6 {[%emt 0:00:30]} 3. Bb5 {[%emt 0:00:00]} Nd4 {[%emt 0:00:00]} 4. Bc4 {[%emt 0:00:00]} g6 {[%emt 0:00:00]} 5. Nf3 {[%emt 0:00:00]} Bg7 {[%emt 0:00:30]} 6. Nxd4 {[%emt 0:00:30]} cxd4 {[%emt 0:00:30]} 7. Qf3 {[%emt 0:00:00]} Nh6 {[%emt 0:00:30] LiveBook: 211 Games} 8. d3 {[%emt 0:00:00] B23: Closed Sicilian: Lines without g3} (8. Ne2 O-O 9. h3 e6 10. d3 f5 11. Qg3 fxe4 12. dxe4 d5 13. exd5 exd5 14. Bd3 Nf5 15. Qh2 Qe7 16. Bd2 Nd6 {0-1 (36) Hou,Y (2609)-Shirov,A (2696) Tromsoe 2013}) 8... Qa5 {[%emt 0:03:30]} 9. Bxh6 {[%emt 0:00:30]} Bxh6 {[%emt 0:00:30]} 10. Qxf7+ {[%emt 0:00:30]} Kd8 {[%emt 0:00:00]} 11. Qd5 {[%emt 0:00:00]} Qxd5 {[%emt 0:00:00]} 12. Nxd5 {[%emt 0:00:00]} e6 {[%emt 0:00:00]} 13. Nf6 {[%emt 0:00:30]} Bg7 {[%emt 0:01:00]} 14. e5 {[%emt 0:00:30]} Bxf6 {[%emt 0:01:30]} 15. exf6 {[%emt 0:00:30]} Rf8 {[%emt 0:00:30] [#]} 16. h4 $146 {[%emt 0:16:30]} Rxf6 {[%emt 0:07:30]} 17. h5 {[%emt 0:01:30]} g5 {[%emt 0:04:30]} 18. h6 {[%emt 0:00:30]} Ke7 {[%emt 0:04:30]} 19. Rh5 {[%emt 0:01:30]} Rg6 {[%emt 0:15:30]} 20. f3 {[%emt 0:03:30]} d5 {[%emt 0:04:30]} 21. Bb3 {[%emt 0:00:00]} Bd7 {[%emt 0:01:30]} 22. c3 {[%emt 0:02:00]} dxc3 {[%emt 0:02:30]} 23. bxc3 {[%emt 0:00:30]} Rgg8 {[%emt 0:09:30]} 24. Kd2 {[%emt 0:00:30]} Raf8 {[%emt 0:01:30]} 25. Re1 {[%emt 0:03:30]} Kd6 {[%emt 0:01:30]} 26. Bd1 {[%emt 0:00:30]} Be8 {[%emt 0:07:30]} 27. Rh2 {[%emt 0:00:30]} e5 {[%emt 0:10:30]} 28. g3 $11 {[%emt 0:12:30]} Bg6 {[%emt 0:02:30]} 29. Ke3 {[%emt 0:11:30]} Rc8 {[%emt 0:01:30]} 30. Kd2 {[%emt 0:02:30]} Rgf8 {[%emt 0:00:30]} 1/2-1/2